[Event "Goch op 17th"]
[Site "Goch"]
[Date "2006.10.14"]
[Round "5"]
[White "Schuermann, Jan"]
[Black "Reiter, Stephan"]
[Result "1-0"]
[WhiteElo "1349"]
[BlackElo "801"]
[PlyCount "69"]
[EventDate "2006.10.12"]
[EventType "swiss"]
[EventRounds "7"]
[EventCountry "GER"]
[SourceTitle "EXT 2008"]
[Source "ChessBase"]
[SourceDate "2007.11.25"]
[SourceVersion "1"]
[SourceVersionDate "2007.11.25"]
[SourceQuality "1"]

1. e4 d5 2. exd5 Nf6 3. c4 Bg4 4. Qa4+ Bd7 5. Qb3 e5 6. dxe6 Bxe6 7. Qxb7 Ne4 8. Qxe4 Bc5 9. Nf3 0-0 10. d4 Bb4+ 11. Bd2 Bd6 12. Qxa8 Bxc4 13. Bxc4 Re8+ 14. Be3 Bb4+ 15. Nc3 Qf6 16. Qd5 h6 17. 0-0 c6 18. Qxf7+ Kh7 19. Bd3+ Kh8 20. Qxe8+ Qf8 21. Qxf8+ Bxf8 22. Ne5 Bb4 23. Be4 a5 24. Nxc6 Nxc6 25. Bxc6 h5 26. Be4 Kg8 27. Rac1 h4 28. Nd5 Kf7 29. Nxb4 axb4 30. Rc6 Ke7 31. Bf5 g6 32. Rxg6 Kf7 33. Rc1 h3 34. Rc7+ Ke8 35. Rg8# 1-0